|
|
|
|
| LEADER |
00893nam a22002532a 4500 |
| 001 |
000871627 |
| 003 |
CZ BrMZK |
| 005 |
20071019093308.0 |
| 007 |
ta |
| 008 |
071019s1927 xr er|||||||||||cze d |
| 015 |
|
|
|a cnb000930538
|
| 035 |
|
|
|a (OCoLC)6977980
|
| 040 |
|
|
|a ABA001
|b cze
|c ABA001
|d ABA001
|
| 100 |
1 |
|
|a Masaryk, Tomáš Garrigue,
|d 1850-1937
|7 jk01080472
|4 aut
|
| 245 |
1 |
0 |
|a V boji za samostatnost /
|c T.G. Masaryk ; uspořádal Prokop Maxa
|
| 260 |
|
|
|a Praha :
|b Státní nakladatelství,
|c 1927
|
| 300 |
|
|
|a 199 s. ;
|c 8°
|
| 490 |
1 |
|
|a Knihy pro každého ;
|v roč. V, 1
|
| 700 |
1 |
|
|a Maxa, Prokop,
|d 1883-1961
|7 jk01080919
|4 com
|
| 830 |
|
0 |
|a Knihy pro každého (Státní nakladatelství)
|0 s
|
| 856 |
4 |
1 |
|u http://www.digitalniknihovna.cz/mzk/uuid/uuid:b4a07220-3634-11e3-a5bb-005056827e52
|y Digitalizovaný dokument
|x NDK
|
| 910 |
|
|
|a BOA001
|b PK-I-0007.248
|
| 990 |
|
|
|a BK
|
| 991 |
|
|
|b 200710
|